000 01659cam a22003858i 4500
001 24150260
003 OSt
005 20260423102242.0
008 250411s2025 enk b 001 0 eng
010 _a 2025017819
020 _a9781032978161
_q(hardback)
020 _a9781032986548
_q(paperback)
020 _z9781003599814
_q(ebook)
035 _a24150260
040 _aMMARA-U
_beng
_eMMARA-U
_cMMARA-U
_dMMARA-U
050 0 0 _aK4475
_b.G33 2025
100 1 _aGallo, Enrico
_c(Tax lawyer),
_eauthor.
_93126
245 1 0 _aArtificial intelligence and taxation law :
_bdouble taxation dispute resolution /
_cEnrico Gallo.
260 _aNew York, NY :
_bRoutledge, Taylor and Francis Group
_c2025.
263 _a2507
264 1 _aAbingdon, Oxon [UK] ;
_aNew York, NY :
_bRoutledge,
_c2025.
300 _axii, 264 pages cm :
490 0 _aRoutledge research in tax law
500 _aIncludes bibliographical references and index.
504 _aIncludes bibliographical references and index.
650 0 _aDouble taxation.
_93127
650 0 _aDouble taxation
_xTechnological innovations.
_93128
650 0 _aTax administration and procedure
_xData processing.
_93129
650 0 _aTransfer pricing
_xTaxation
_xLaw and legislation.
_93130
650 0 _aInternational business enterprises
_xTaxation
_xLaw and legislation.
_93131
650 0 _aArtificial intelligence
_xLaw and legislation.
_93058
650 0 _aArbitration (International law)
_93132
776 0 8 _iOnline version:
_aGallo, Enrico.
_tArtificial intelligence and taxation law
_dAbingdon, Oxon [UK] ; New York, NY : Routledge, 2025
_z9781003599814
_w(DLC) 2025017820
942 _2lcc
_cLOAN LOAN
999 _c33515
_d33512